Case news (Record no. 75735)
[ view plain ]
| 000 -LEADER | |
|---|---|
| fixed length control field | 01142cab a2200205 4500 |
| 001 - CONTROL NUMBER | |
| control field | L130621 |
| 008 - FIXED-LENGTH DATA ELEMENTS--GENERAL INFORMATION | |
| fixed length control field | 050818n2005 000 0 eng u |
| 035 ## - SYSTEM CONTROL NUMBER | |
| System control number | (Sirsi) u130621 |
| 041 0# - LANGUAGE CODE | |
| Language code of text/sound track or separate title | eng |
| 100 1# - MAIN ENTRY--PERSONAL NAME | |
| Personal name | Ross, Jonathan |
| 245 00 - TITLE STATEMENT | |
| Title | Case news |
| Remainder of title | Business Environment Group V Wendy Fair and Wembley |
| 260 ## - PUBLICATION, DISTRIBUTION, ETC. | |
| Date of publication, distribution, etc. | 2005 |
| 490 #0 - SERIES STATEMENT | |
| Series statement | Property Week |
| Volume/sequential designation | 70(31) 12 August 2005, 58(1) |
| 520 ## - SUMMARY, ETC. | |
| Summary, etc. | ([2005] EWHC 1385(Ch), unreported) Wendy Fair operates a relocated fair on Wembley's Olympic Way. The fair was moved to this location due to the redevelopment in the area. B owns a building at the end of Olympic Way, and needs continuous access to the building. B complained that the market impeded access to the building and sort an interim injunction. The court granted the injunction, which required W to provide a wider corridor of access to B's building. |
| 590 ## - LOCAL NOTE (RLIN) | |
| Local note | IKA300805 |
| 650 24 - SUBJECT ADDED ENTRY--TOPICAL TERM | |
| Topical term or geographic name entry element | BUSINESS ENVIRONMENT GROUP V WENDY FAIR AND WEMBLEY |
| 651 #4 - SUBJECT ADDED ENTRY--GEOGRAPHIC NAME | |
| Geographic name | England and Wales |
| Chronological subdivision | 1543- |
| 690 ## - LOCAL SUBJECT ADDED ENTRY--TOPICAL TERM (OCLC, RLIN) | |
| Topical term or geographic name as entry element | PROPERTY-COMMERCIAL PROPERTY-RETAIL PROPERTY-OUT OF TOWN RETAIL PROPERTY-OUT OF TOWN WHOLESALING, AUCTION AND MARKET PROPERTY |
| 942 ## - ADDED ENTRY ELEMENTS (KOHA) | |
| Suppress in OPAC | 0 |
| Withdrawn status | Lost status | Source of classification or shelving scheme | Damaged status | Not for loan | Home library | Current library | Shelving location | Date acquired | Total Checkouts | Full call number | Barcode | Date last seen | Copy number | Price effective from | Koha item type |
|---|---|---|---|---|---|---|---|---|---|---|---|---|---|---|---|
| Dewey Decimal Classification | London | London | Journal article | 18/08/2005 | L130621 | 130621-1001 | 06/08/2019 | 1 | 06/08/2019 | Law report |